000 00998cab a2200241 4500
001 WB3006-07
008 090401t1994 xxu||||| |||| 00| 0 eng d
035 _a(Sirsi) u66977
041 _aeng
245 _aActual control under safety laws
260 _c1994
350 _a0
490 _aTimes
_v8 February 1994, 36(1)
520 _a"RMC Roadstone Products Ltd v Jester" QBD 28 January 1994, held that an employer`s mere capacity or opportunity to exercise some control over activity of an independent contractor was not enough to bring that activity within the ambit of the employer`s conduct of his undertaking under Health and Safety at Work Act 1974 s3(1).
650 _aMANAGEMENT-HEALTH AND SAFETY-HAZARDOUS SUBSTANCES-ASBESTOS
650 _aCONTRACTORS
650 _aHEALTH AND SAFETY AT WORK ETC ACT 1974 S3(1)
650 _aHEALTH AND SAFETY
_96244
650 _aINDEPENDENT CONTRACTOR
690 _aBUILDING AND CONSTRUCTION-CASE LAW
942 _n0
948 _c04/03/1997
999 _c41873
_d41873